XI. sjazd KSČ

Bibliographic Details
Main Author: Pravdík, Rudolf, 1921- (Author)
Format: Article
Language:Slovak

MARC

LEADER 00000nab a2200000ua 4500
001 vtls010751895
003 SK-MaSNL
005 20260304203649.0
008 250718s1958 xo |||||||||||||||||slo|
035 |a (urnnbn)urn:nbn:sk:snk:ar-a00a0d 
035 |a (uuid)701e2e81-df9b-4b95-922d-e3a0b25ff62b 
035 |a urn:nbn:sk:snk-ab467p 
040 |a SNKBUCL  |b slo  |c SNKBUCL  |e AACR2 
041 0 |a slo 
044 |a xo  |c SK 
100 1 |a Pravdík, Rudolf,  |d 1921-  |4 aut  |9 37966 
245 1 0 |a XI. sjazd KSČ  |c Rudolf Pravdík 
773 0 |t Rodina a škola  |g Roč. 5, č. 7 - 8 (1958), s. 161-164 
850 |a Slovenská národná knižnica 
852 |a Slovenská národná knižnica 
954 |a odborná, vedecká literatúra pôvodná (slovenská)  |2 lita 
958 |a article3 
958 |a OND 
958 |a EUIPO 
999 |c 3111149  |d 3113079